Quizzes
Events
Quiz Creation
Community
Videos
Private Events
Remove Ads
Sign In
Join for FREE
Feedback
Dark Mode
Quiz Categories
Sports
Geography
Music
Movies
Television
Just For Fun
Miscellaneous
History
Literature
Language
Science
Gaming
Entertainment
Religion
Holiday
For Kids
Quiz Lab
Recent
Popular Today
Quiz Kudos Today
Editor Picks
Curator Picks
Quizzes by...
Day
Popularity
Type
Ratings
Length
Year
Community
Subscriptions
Recent Discussions
Orange Saloon
Badges
Playlists
Quests
Create
Leaderboards
Showdown
Live 5
Trivia Bingo
Activity
Puzzle Library
Sporcle Events
Private Events
Virtual Trivia
Globe League
Become a Host
Pub Owners
SporcleCon
Opinionation
Our Games
Videos
Blog
Mobile Apps
Partnerships
Remove Ads and Go Orange
Feedback
Sports
Athletes
MLB
NBA
NHL
NFL
Soccer
Sports Teams
WWE
NCAA
Football
Premier League
Basketball
Baseball
Hockey
Golf
Tennis
Cricket
Rugby
Auto Racing
Olympics
World Cup
Sports
Athletes
MLB
NBA
NHL
NFL
Soccer
Sports Teams
WWE
NCAA
Football
Premier League
Basketball
Baseball
Hockey
Golf
Tennis
Cricket
Rugby
Auto Racing
Olympics
World Cup
Random Quiz
Search Sporcle
×
Quiz Lab
Quiz Lab
Sports
NBA
Type in answers that appear in a list
Type in answers that appear in a list
Classic
Best Score? Go Orange.
NBA Two Teammates Combined to Avg. 50+ Points Stats
Can you name the sets of teammates who have combined to average at least 50 points per game in a NBA season?
By
sultanofswing
9m
134 Questions
11K Plays
11,032 Plays
11,032 Plays
Comments
Comments
Give Quiz Kudos
Give Quiz Kudos
-
- Ratings
hide this ad
More Info
Replay
Link that replays current quiz
Next Quiz
Link to next quiz in quiz playlist
You Got
0%
They Got
Avg Score
62%
Avg Friend Score
Upgrade to see
Score Distribution
Jump to the score distribution portion of the page
Score
0/134
Timer
09:00
2
Plays Today
% Correct
Wilt Chamberlain
97.7%
Wilt Chamberlain
97.7%
Wilt Chamberlain
97.7%
Wilt Chamberlain
97.7%
Wilt Chamberlain
97.7%
Kobe Bryant
97.1%
Kobe Bryant
97.1%
Kobe Bryant
97.1%
Kobe Bryant
97.1%
Kobe Bryant
97.1%
Shaquille O'Neal
96.8%
Shaquille O'Neal
96.8%
Shaquille O'Neal
96.8%
Shaquille O'Neal
96.8%
Shaquille O'Neal
96.8%
Kevin Durant
96.8%
Kevin Durant
96.8%
Kevin Durant
96.8%
Kevin Durant
96.8%
Kevin Durant
96.8%
Stephen Curry
96.3%
Stephen Curry
96.3%
Stephen Curry
96.3%
Michael Jordan
95.7%
Michael Jordan
95.7%
Michael Jordan
95.7%
Michael Jordan
95.7%
Michael Jordan
95.7%
Russell Westbrook
95.5%
Russell Westbrook
95.5%
Russell Westbrook
95.5%
Russell Westbrook
95.5%
Lebron James
95%
Jerry West
94.5%
Jerry West
94.5%
Jerry West
94.5%
Jerry West
94.5%
Jerry West
94.5%
Scottie Pippen
94.2%
Scottie Pippen
94.2%
Scottie Pippen
94.2%
Larry Bird
92.5%
Larry Bird
92.5%
Kareem Abdul-Jabbar
91.8%
Kareem Abdul-Jabbar
91.8%
% Correct
Kareem Abdul-Jabbar
91.8%
Kareem Abdul-Jabbar
91.8%
James Harden
91.7%
Lebron James
91.6%
Klay Thompson
91.1%
Allen Iverson
90.1%
Allen Iverson
90.1%
Dwyane Wade
88.5%
Oscar Robertson
88.3%
Oscar Robertson
88.3%
Oscar Robertson
88.3%
Oscar Robertson
88.3%
Oscar Robertson
88.3%
Oscar Robertson
88.3%
Kevin McHale
85.4%
Kevin McHale
85.4%
Elgin Baylor
83.8%
Elgin Baylor
83.8%
Elgin Baylor
83.8%
Elgin Baylor
83.8%
Elgin Baylor
83.8%
Kyrie Irving
82.6%
George Gervin
80.1%
George Gervin
80.1%
Alex English
80.1%
Alex English
80.1%
Alex English
80.1%
Carmelo Anthony
78.4%
Bob Pettit
77.1%
Bob Pettit
77.1%
Bob Pettit
77.1%
Bob Pettit
77.1%
John Havlicek
73.8%
John Havlicek
73.8%
Paul George
71.8%
Bob McAdoo
64.8%
Bob McAdoo
64.8%
Rick Barry
64.1%
Anfernee Hardaway
63.7%
Adrian Dantley
61.9%
Adrian Dantley
61.9%
Adrian Dantley
61.9%
Clint Capela
61.7%
Pete Maravich
53.9%
Pete Maravich
53.9%
% Correct
Elvin Hayes
50.8%
Mark Aguirre
49.6%
Kiki Vandeweghe
43.7%
Kiki Vandeweghe
43.7%
Gail Goodrich
43.6%
Lamar Odom
40.3%
Paul Arizin
39.7%
Paul Arizin
39.7%
Paul Arizin
39.7%
Jo Jo White
39.6%
Jo Jo White
39.6%
Flynn Robinson
38.7%
Hal Greer
37.2%
Randy Smith
37%
Randy Smith
37%
Rolando Blackman
36.2%
Nate Thurmond
33.8%
Jerry Lucas
33.1%
Jerry Lucas
33.1%
Jerry Lucas
33.1%
Chris Webber
32.8%
Lou Hudson
30.9%
Lou Hudson
30.9%
Charles Oakley
24.7%
Bob Dandridge
23.3%
Bob Dandridge
23.3%
Orlando Woolridge
22.6%
Cliff Hagan
22.1%
Cliff Hagan
22.1%
Cliff Hagan
22.1%
Cliff Hagan
22.1%
Jack Twyman
21.5%
Jack Twyman
21.5%
Richie Guerin
19.2%
Darrell Griffith
19%
Darrell Griffith
19%
Darrell Griffith
19%
Larry Kenon
10.3%
Larry Kenon
10.3%
Guy Rodgers
7.1%
Willie Naulls
6.6%
Calvin Natt
5.9%
Dick Barnett
5.8%
Don Kojis
2.9%
Quiz Playlist
Details
Report
Send in Message
Add To Playlist
More Info:
1946-47 to 2018-19. ABA is NOT included. *Denotes Member of NBA Hall of Fame. Players must have qualified for PPG leaderboard.
Classic:
Type in answers that appear in a list
Quiz Source
Last Updated: Dec 24, 2019
Quiz Scoreboard
CHALLENGE
Sign Up to Join the Scoreboard
Show All
Scores
Hide
Comments
May contain spoilers
Recently Published
9x9 Crossword: Cartoon Network
by jackfrog10
Miscellaneous
3m
College Basketball Coaching Resumes
by pancakes188
Sports
9m
Billboard Blitz: Fleetwood Mac
by CooCooCachoo
Music
15s
More to Explore
Quiz From the Vault
Featured Blog Post
Where Did the Easter Bunny Come From?
hide this ad
You Might Also Like...
Tags
Basketball Quiz
NBA Quiz
Average
Combined
least
point
season
set
teammate
Today's Top Quizzes in Sports
Browse Sports
hide this ad
Today's Top Quizzes in NBA
Browse NBA
Top Contributed Quizzes in Sports
1
2022 World Cup Stars
2
Les meilleurs buteurs des matchs entre le PSG et l’OM
3
FIFA Club World Cup Champions
4
Les entraîneurs de l'OM et du PSG au 21e siècle
5
Criteria MLB: Left Handed Sluggers
6
AFC Teams Reveal (Wrong Answers Minefield)
7
2023 MLB Unique Player Accomplishments
8
5-to-1: FBS Animal Nicknames
9
Players with Multiple 50 Home Run Seasons
10
5-to-1: UK Sports Teams
Explore More
Trending Topics
Harry Potter
Crossword
Kpop
NBA
Marvel
Anime
Disney
Soccer
Pokémon
The Office
Song
Country
Puzzle
NFL
WWE
hide this ad
More By:
sultanofswing
Quiz
Plays
Rating
Category
Featured
Created
NBA Top 3 MVP Voting By Year
514,766
4.79
Sports
Apr 19, 2012
NBA Every 25 PPG Scorer In History
295,024
4.67
Sports
Dec 14, 2011
NBA Starters By Team (2000s)
185,185
4.56
Sports
Jan 24, 2011
NBA 2 Teammates, 35 Pts, 1 Game (2000s)
173,225
4.30
Sports
Mar 19, 2011
NFL 1,000 Yard Rushers
160,349
4.79
Sports
Sep 27, 2011
Go to Creator's Profile
Score Distribution
Quiz Creator Spotlight
sultanofswing
Follow
Send a Message
Quizzes Created
-
Created Quiz Play Count
-
More By This Creator
Popular Quizzes Today
1
Find the US States - No Outlines Minefield
2
Find the Countries of Europe - No Outlines Minefield
3
The Countries of the World
4
Find the US States
5
Risky Map Clicking: Biggest States A-Z
6
US States
7
Popular People in 1961
8
Movies - When Are They Set?
More Sports Quizzes
Big 4 Players - Most Trophy Winners 🏆
Curator's Pick
Trending Quizzes
Risky Map Clicking: Least Populous States A-Z
1-10 Letter G Words
1-10 Letter F Words
Risky Map Clicking: Next State Alphabetically
Adjectives in 80s TV Shows
Recently Updated
Leaping Animals
pecheneg
Reality TV Shows (A-Z)
bhenderson79
Rickey Henderson's Hall of Fame Teammates
pecheneg
Champions League XIs: Arsenal
pecheneg
Quick Pick: Celebrities in WWE's Hall of Fame
aduchscher
A-Z Keypad Blitz II
pecheneg
Multiple Oscar Actors
pecheneg
Mystery Phrase Blitz: Oscar 'Best Actors'
pecheneg
F. Scott Fitzgerald Novels
LTH
Pick 3 Villains
ddd62291
Trending Topics
Crossword
Anime
Disney
NBA
Harry Potter
Kpop
Marvel
WWE
Song
The Office
NFL
Puzzle
Country
Pokémon
Soccer
Your Account Isn't Verified!
In order to create a playlist on Sporcle, you need to verify the email address you used during registration. Go to your
Sporcle Settings
to finish the process.
Report this User
Report this user for behavior that violates our
Community Guidelines
.
Details:
Send Report
Go to the Sporcle.com Mobile Site →
Comments